Detalles MARC
| 000 -CABECERA |
| fixed length control field |
02928Cam#a2200457#a#4500 |
| 003 - CONTROL NUMBER IDENTIFIER |
| control field |
AR-BeUNQ |
| 005 - FECHA Y HORA DE LA ULTIMA TRANSACCION |
| control field |
20250408190027.0 |
| 008 - ELEMENTOS DE LONGITUD FIJA-INFORMACION GENERAL |
| fixed length control field |
160229r2013 ag abdoj#f #000|0#spa#d |
| 020 ## - NUMERO INTERNACIONAL NORMALIZADO PARA LIBROS |
| Número Internacional Normalizado del libro |
9789504631132 |
| 040 ## - FUENTE DE CATALOGACION |
| Agencia de catalogación original |
AR-BeUNQ |
| Idioma de catalogación |
ESPAÑOL |
| Agencia que realiza la transcripción |
AR-BeUNQ |
| Convenciones de la descripción |
aacr |
| 082 04 - NUMERO DE CLASIFICACION DECIMAL DEWEYMBER |
| Número de clasificación |
907 |
| Número de la edición |
21 |
| 245 00 - MENCION DE TITULO |
| Título |
Ciencias sociales. |
| Mención de responsabilidad, etc |
bajo la dirección de Graciela Pérez de Lois ; Alejandro J. Balbiano... [et al.] ; editoras, Benjamín F. Carabajal y Adriana Llano. |
| Número de la parte/sección de la obra |
1 / |
| 250 ## - MENCION DE EDICION |
| Mención de edición |
1a. ed., 2a. reimpr. |
| 260 ## - PUBLICACION, DISTRIBUCION, ETC. |
| Lugar de publicación, distribución, etc. |
Buenos Aires : |
| Nombre del editor, distribuidor, etc. |
Santillana, |
| Fecha de publicación, distribución, etc |
2013. |
| 300 ## - DESCRIPCION FISICA |
| Extensión |
256 p. : |
| Otros detalles físicos |
il., fot., mapas, gráficos ; |
| Dimensiones |
27 cm. |
| 490 1# - MENCION DE SERIE |
| Mención de serie |
Conocer + |
| 504 ## - NOTA DE BIBLIOGRAFIA, ETC. |
| Nota de bibliografía, etc. |
Incluye referencias bibliográficas. |
| 505 0# - NOTA DE CONTENIDO |
| Nota de contenido con formato preestablecido |
La historia, una ventana hacia el pasado -- Los seres humanos se expanden por el mundo -- Las primeras huellas en nuestro continente -- El neolítico: una época de cambios revolucionarios -- Ciudades e imperios de la anigua Mesopotamia -- Egipto, la tierra de los faraones -- Pequeños y grandes estados del primer milenio a.C. -- Dos grandes áreas culturales en América -- El apogeo de Mesoamérica y del mundo andino -- Grecia. De los orígenes a los reinos helenísticos -- La cultura griega -- Roma. De los orígenes al imperio -- Roma y la cultura occidental -- Los comienzos de la edad media -- El nacimiento del feudalismo -- Expansión y crisis de la sociedad feudal -- El mundo en que vivimos -- Las características de la superficie terrestre -- El clima del mundo -- Aguas oceánicas y continentales -- Los biomas -- Las sociedades del mundo -- Espacios urbanos -- Espacios rurales -- Los problemas ambientales -- Propuestas de trabajo |
| 650 #7 - ASIENTO SECUNDARIO DE MATERIA - TERMINO TEMATICO |
| Término temático o nombre geográfico como elemento de entrada |
Ciencias sociales |
| Fuente del encabezamiento o términ |
toit |
| 650 #7 - ASIENTO SECUNDARIO DE MATERIA - TERMINO TEMATICO |
| Término temático o nombre geográfico como elemento de entrada |
Historia |
| Fuente del encabezamiento o términ |
spines |
| 650 #7 - ASIENTO SECUNDARIO DE MATERIA - TERMINO TEMATICO |
| Término temático o nombre geográfico como elemento de entrada |
Prehistoria |
| Fuente del encabezamiento o términ |
spines |
| 650 #7 - ASIENTO SECUNDARIO DE MATERIA - TERMINO TEMATICO |
| Término temático o nombre geográfico como elemento de entrada |
Historia antigua |
| Fuente del encabezamiento o términ |
spines |
| 650 #7 - ASIENTO SECUNDARIO DE MATERIA - TERMINO TEMATICO |
| Término temático o nombre geográfico como elemento de entrada |
Historia medieval |
| Fuente del encabezamiento o términ |
spines |
| 650 #7 - ASIENTO SECUNDARIO DE MATERIA - TERMINO TEMATICO |
| Término temático o nombre geográfico como elemento de entrada |
Geografía |
| Fuente del encabezamiento o términ |
spines |
| 650 #7 - ASIENTO SECUNDARIO DE MATERIA - TERMINO TEMATICO |
| Término temático o nombre geográfico como elemento de entrada |
Geografía política |
| Fuente del encabezamiento o términ |
spines |
| 650 #7 - ASIENTO SECUNDARIO DE MATERIA - TERMINO TEMATICO |
| Término temático o nombre geográfico como elemento de entrada |
Geografía física |
| Fuente del encabezamiento o términ |
spines |
| 650 #7 - ASIENTO SECUNDARIO DE MATERIA - TERMINO TEMATICO |
| Término temático o nombre geográfico como elemento de entrada |
Manuales |
| Fuente del encabezamiento o términ |
spines |
| 650 #7 - ASIENTO SECUNDARIO DE MATERIA - TERMINO TEMATICO |
| Término temático o nombre geográfico como elemento de entrada |
Enseñanza media |
| Fuente del encabezamiento o términ |
spines |
| 700 1# - ASIENTO SECUNDARIO - NOMBRE DE PERSONA |
| Personal name |
Pérez de Lois, Graciela, |
| Relator term |
directora |
| Relationship |
drt |
| 700 1# - ASIENTO SECUNDARIO - NOMBRE DE PERSONA |
| Personal name |
Balbiano, Alejandro J, |
| Relator term |
autora. |
| Relationship |
aut |
| 700 1# - ASIENTO SECUNDARIO - NOMBRE DE PERSONA |
| Personal name |
Carabajal, Benjamín F, |
| Relator term |
editor. |
| Relationship |
edt |
| 700 1# - ASIENTO SECUNDARIO - NOMBRE DE PERSONA |
| Personal name |
Llano, Adriana, |
| Relator term |
editora |
| Relationship |
edt |
| 830 #0 - ASIENTO SECUNDARIO DE SERIE--TITULO UNIFORME |
| Título uniforme |
Conocer + (Santillana). |
| 929 ## - DATOS DE ADQUISICION |
| Procedencia |
COMPRA |
| Proveedor |
El Monje Libros |
| Orden de compra |
Compra 2015 Exp. 827-2158/15 |
| Precio |
255,60 |
| Fecha de recibido |
20151229 |
| Patrimonio UNQ |
PAT0062169 |
| Número de inventario |
54149 |
| 929 ## - DATOS DE ADQUISICION |
| Procedencia |
DONACION |
| Proveedor |
Biblioteca Municipal de Quilmes |
| Orden de compra |
0 |
| Precio |
0 |
| Fecha de recibido |
03/10/2022 |
| Patrimonio UNQ |
PAT 0082107 |
| Número de inventario |
60583 |
| 929 ## - DATOS DE ADQUISICION |
| Procedencia |
COMPRA |
| Proveedor |
El Monje Libros |
| Orden de compra |
Compra 2015 Exp. 827-2158/15 |
| Precio |
255,60 |
| Fecha de recibido |
20151229 |
| Patrimonio UNQ |
PAT0062170 |
| Número de inventario |
54150 |
| 929 ## - DATOS DE ADQUISICION |
| Procedencia |
COMPRA |
| Proveedor |
El Monje Libros |
| Orden de compra |
Compra 2015 Exp. 827-2158/15 |
| Precio |
255,60 |
| Fecha de recibido |
20151229 |
| Patrimonio UNQ |
PAT0062171 |
| Número de inventario |
54151 |
| 929 ## - DATOS DE ADQUISICION |
| Procedencia |
COMPRA |
| Proveedor |
El Monje Libros |
| Orden de compra |
Compra 2015 Exp. 827-2158/15 |
| Precio |
255,60 |
| Fecha de recibido |
20151229 |
| Patrimonio UNQ |
PAT0062172 |
| Número de inventario |
54152 |
| 929 ## - DATOS DE ADQUISICION |
| Procedencia |
COMPRA |
| Proveedor |
El Monje Libros |
| Orden de compra |
Compra 2015 Exp. 827-2158/15 |
| Precio |
255,60 |
| Fecha de recibido |
20151229 |
| Patrimonio UNQ |
PAT0062173 |
| Número de inventario |
54153 |
| 942 ## - ELEMENTOS DE PUNTO DE ACCESO ADICIONAL (KOHA) |
| Tipo de ítem Koha |
Libros |
| Suppress in OPAC |
0 |